Koleksi petua niaga (Record no. 23540)

MARC details
000 -LEADER
fixed length control field 00658nam a2200241 i 4500
001 - CONTROL NUMBER
control field C2-0101813
003 - CONTROL NUMBER IDENTIFIER
control field PPAK
005 - DATE AND TIME OF LATEST TRANSACTION
control field 20180727095909.0
008 - FIXED-LENGTH DATA ELEMENTS--GENERAL INFORMATION
fixed length control field 970601s1990 my a|||| ||||| | may d
020 ## - INTERNATIONAL STANDARD BOOK NUMBER
International Standard Book Number 9839617087
040 ## - CATALOGING SOURCE
Original cataloging agency PPAK
Language of cataloging eng
Transcribing agency PPAK
Description conventions rda
082 04 - DEWEY DECIMAL CLASSIFICATION NUMBER
Classification number 650.01
Edition number 23
090 00 - LOCALLY ASSIGNED LC-TYPE CALL NUMBER (OCLC); LOCAL CALL NUMBER (RLIN)
Classification number (OCLC) (R) ; Classification number, CALL (RLIN) (NR) 650.01
Feature heading SIT
Feature heading G
100 0# - MAIN ENTRY--PERSONAL NAME
Personal name Siti Maimun Kamso Wan Rafaei,
Relator term author
245 10 - TITLE STATEMENT
Title Koleksi petua niaga
264 #1 - PRODUCTION, PUBLICATION, DISTRIBUTION, MANUFACTURE, AND COPYRIGHT NOTICE
Place of production, publication, distribution, manufacture Kuala Lumpur :
Name of producer, publisher, distributor, manufacturer AMK Interaksi ,
Date of production, publication, distribution, manufacture, or copyright notice 1990
300 ## - PHYSICAL DESCRIPTION
Extent vii, 161 pages :
Other physical details illustrations ;
Dimensions 22 cm
336 ## - CONTENT TYPE
Source rdacontent
Content type term text
337 ## - MEDIA TYPE
Source rdamedia
Media type term unmediated
338 ## - CARRIER TYPE
Source rdacarrier
Carrier type term volume
650 10 - SUBJECT ADDED ENTRY--TOPICAL TERM
Topical term or geographic name entry element Business.
942 ## - ADDED ENTRY ELEMENTS (KOHA)
-- dc
Koha item type Book
Holdings
Withdrawn Not for loan Current library Shelving location Date acquired Full call number Barcode Date last seen Koha item type Total Checkouts Total Renewals Date last checked out
  Not For Loan Perpustakaan Alor Setar Koleksi Halim R 30/09/2025 KHR 650.01 SIT A00501288 30/09/2025 Book      
    Perpustakaan Jitra Pinjaman Dewasa 04/02/2004 650.01 SIT A00840869 08/05/2018 Book      
    Perpustakaan Kulim Pinjaman Dewasa 09/12/2003 650.01 SIT A00325488 09/01/2022 Book 2 1 04/01/2022